[Event "4NCL Div 1 2018-19"]
[Site "Daventry"]
[Date "2019.01.13"]
[Round "4"]
[White "Ansell, Simon T"]
[Black "Eggleston, David J"]
[Result "1/2-1/2"]
[WhiteElo "2332"]
[BlackElo "2387"]
[Annotator "TA"]
[PlyCount "94"]
[EventDate "2019.01.12"]
[EventCountry "GBR"]
[SourceTitle "playchess.com"]
[Source "ChessBase"]
[SourceQuality "1"]

{[%evp 14,94,13,17,42,42,32,34,42,42,50,23,28,16,37,11,13,11,40,33,44,44,44,45,46,46,46,45,46,47,50,50,46,33,39,9,7,4,58,58,61,39,57,2,54,51,50,0,0,0,0,0,0,0,0,-57,-39,-16,-14,-44,-53,-57,0,0,0,0,0,0,0,-8,-8,-8,-8,-12,0,0,0,0,0,0,0,0,0]} 1. e4 c5 2. Nf3 d6 3. Bb5+ Nd7 4. Ba4 Ngf6 5. O-O g6 6. d3 $146 {B51: Sicilian: Moscow Variation (3 Bb5+) without 3...Bd7} ({Predecessor:} 6. Re1 Bg7 7. c3 O-O 8. d4 cxd4 9. cxd4 d5 10. e5 Ne4 11. Nbd2 Nb6 {1-0 (37) Hakobyan,A (2554)-Donchenko,A (2614) Manavgat 2018}) 6... Bg7 7. c4 O-O 8. Nc3 {LiveBook: 4 Games} Ne5 9. Nxe5 dxe5 10. a3 a5 11. Be3 b6 12. h3 Bd7 13. Bc2 Bc6 14. Rb1 Nd7 15. b4 e6 16. Ba4 Qc7 17. bxc5 Nxc5 18. Bxc5 bxc5 19. Bxc6 Qxc6 20. Rb5 Rfd8 21. Na4 Bf8 22. Qc2 Rd4 23. Rfb1 Rad8 24. R1b3 Qd7 {[%cal Rd4d3]} 25. Nb2 Ra8 ({Better is} 25... a4 $11 26. Nxa4 Rxd3) 26. Rb7 $14 Qd8 27. Na4 Rc8 28. Ra7 (28. g3 $14) 28... Ra8 (28... Rb8 $11 29. Rxb8 Qxb8) 29. Rxa8 $1 Qxa8 30. Rb5 Qd8 31. Nb2 f5 32. f3 Bh6 33. Qe2 Bf4 34. Rxc5 (34. Qe1 $11) 34... Rxe4 $15 35. dxe4 ({Much weaker is} 35. fxe4 Qd4+ 36. Kf1 (36. Qf2 $2 Be3 $19) 36... Qxc5 $17) 35... Qd4+ 36. Kf1 ({Not} 36. Qf2 $2 Be3 $19) 36... Qxc5 37. Qd3 Bh2 ({Black should try} 37... Bg3 $15 38. Nd1 Kf7) 38. Ke2 $11 {The position is equal.} Bg1 39. Qd8+ Kg7 40. Nd3 Qxa3 41. Qc7+ Kh6 {[#] And now ...Qa2+ would win.} 42. Qxe5 Qa2+ 43. Kf1 Qxc4 {Strongly threatening ...Be3.} 44. Kxg1 Qxd3 45. Qxe6 fxe4 46. fxe4 a4 {With the idea ...Qe3+.} 47. Qe7 a3 {Accuracy: White = 59%, Black = 40%.} 1/2-1/2

[Event "4NCL Div 1 2018-19"]
[Site "Daventry"]
[Date "2019.01.13"]
[Round "4"]
[White "Franklin, Samuel G A"]
[Black "Camacho Collados, Jose"]
[Result "1-0"]
[WhiteElo "2329"]
[BlackElo "2405"]
[Annotator "TA"]
[PlyCount "103"]
[EventDate "2019.01.12"]
[EventCountry "GBR"]
[SourceTitle "playchess.com"]
[Source "ChessBase"]
[SourceQuality "1"]

{[%evp 18,103,27,31,31,33,23,14,20,21,37,39,41,37,42,16,62,45,40,42,58,57,59,49,55,54,85,95,87,45,51,58,64,60,82,74,92,87,215,195,245,240,397,379,475,447,473,465,456,400,419,383,459,454,450,384,526,520,528,521,506,533,603,586,605,590,602,627,656,576,811,668,827,690,29985,29986,29986,5043,29994,1242,1625,1108,29990,29991,29996,29997,29997,29998]} 1. e4 e5 2. Nf3 Nf6 3. Nc3 Bb4 4. Nxe5 O-O 5. Be2 Re8 6. Nd3 Bxc3 7. dxc3 Nxe4 8. Nf4 d6 9. O-O Nd7 {[%cal Bb8d7,Bd7c5,Bc5e6,Be6d4][%mdl 32]} 10. c4 {LiveBook: 41 Games} h6 {C42: Petroff Defence: 3 Nxe5 and unusual White 3rd moves} (10... Ndf6 11. Re1 b6 12. f3 Nc5 13. b3 Qe7 14. Qd2 Qe5 15. Rb1 Bb7 16. Bb2 Qg5 17. Rbd1 h6 18. Nd5 Nxd5 19. cxd5 Qxd2 20. Rxd2 {½-½ (29) Svidler,P (2746)-Gashimov,V (2679) Dagomys 2008}) 11. f3 $146 ({Predecessor:} 11. Nd5 Ndf6 12. Ne3 Qe7 13. f3 Nc5 14. Re1 Bd7 15. Bf1 Qe5 16. Re2 Ne6 17. Nd5 {1-0 (50) Markowski,T (2568)-Kuczynski,R (2479) Saint Vincent 2000}) 11... Nef6 12. Rf2 a5 {The position is equal.} 13. a4 Nc5 14. b3 Bf5 15. Bb2 Qe7 16. Bf1 Qe3 17. Qd2 {aiming for Bxf6.} Qxd2 18. Rxd2 Ne6 19. Ne2 Nd7 20. Kf2 Ndc5 21. Nc3 Bxc2 22. Rxc2 Nd4 23. Rd2 (23. Rac1 {with more complications.} Ncxb3 24. Nd5 Nxc2 25. Rxc2 Rac8 26. Bc3) 23... Ndxb3 24. Rad1 {Strongly threatening Re2.} Nxd2 25. Rxd2 Red8 26. Ba3 {[%mdl 1024] White has strong compensation.} Ne6 27. g3 g5 (27... Re8 $16) 28. Bh3 Kg7 29. Nd5 {Bxe6 is the strong threat.} c6 $2 {[#]} (29... Rac8 30. Bb2+ Kf8) 30. Bxe6 $18 Ra7 31. Bb2+ Kf8 32. Bf5 cxd5 33. cxd5 Rb8 {and the idea ...b5 leaves Black hopeful.} 34. Bd4 b6 35. Rc2 Rab7 36. Bd3 Ke7 37. Re2+ Kf8 38. Bb5 Rc7 39. Bc6 Ra7 40. Rb2 Ra6 41. Ke3 f5 42. Kd3 f4 43. gxf4 gxf4 44. Ke4 Kf7 45. Kxf4 Kg6 46. Rg2+ Kh5 47. Rg7 (47. Bd7 $142 Rf8+ 48. Ke4 Raa8 49. Rg7 Rae8+ 50. Bxe8+ Rxe8+ 51. Kd3 Rf8 52. Rd7) 47... Kh4 48. Rh7 (48. Bd7 $142 Rf8+ 49. Ke4 Re8+ 50. Kd3 Re6 51. Bxe6 Ra8 52. Bf6+ Kh5 53. Bg4#) 48... Rf8+ 49. Ke3 h5 50. f4 {White mates.} Kg4 51. Bd7+ Kh4 52. Kf3 {Accuracy: White = 72%, Black = 24%.} 1-0

[Event "4NCL Div 1 2018-19"]
[Site "Daventry"]
[Date "2019.01.13"]
[Round "4"]
[White "Van de Griendt, Jan Willem"]
[Black "Pigott, John C"]
[Result "1/2-1/2"]
[WhiteElo "2327"]
[BlackElo "2387"]
[Annotator "NA"]
[PlyCount "47"]
[EventDate "2019.01.12"]
[EventCountry "GBR"]
[SourceTitle "playchess.com"]
[Source "ChessBase"]
[SourceQuality "1"]
[TimeControl "40"]

1. d4 {[%emt 0:00:00]} Nf6 {[%emt 0:00:00]} 2. c4 {[%emt 0:00:00]} e6 {[%emt 0:00:00]} 3. Nf3 {[%emt 0:00:00]} d5 {[%emt 0:00:00]} 4. g3 {[%emt 0:00:00]} Be7 {[%emt 0:00:00]} 5. Bg2 {[%emt 0:00:00]} O-O {[%emt 0:00:00]} 6. O-O {[%emt 0:00:00]} dxc4 {[%emt 0:00:00]} 7. Qc2 {[%emt 0:00:00]} b6 {[%emt 0:00:00]} 8. Qxc4 {[%emt 0:00:00]} Bb7 {[%emt 0:00:00]} 9. Rd1 {[%emt 0:00:00]} Nbd7 {[%emt 0:00:00]} 10. Bg5 {[%emt 0:00:00]} c5 {[%emt 0:00:00]} 11. dxc5 {[%emt 0:00:00]} Qc8 {[%emt 0:00:00]} 12. c6 {[%emt 0:00:00]} Qxc6 {[%emt 0:00:00]} 13. Qxc6 {[%emt 0:00:00]} Bxc6 {[%emt 0:00:00]} 14. Nc3 {[%emt 0:00:00]} h6 {[%emt 0:00:00]} 15. Bf4 {[%emt 0:00:00]} Rfd8 {[%emt 0:00:00]} 16. Nd4 {[%emt 0:00:00]} Bxg2 {[%emt 0:00:00]} 17. Kxg2 {[%emt 0:00:00]} Rac8 {[%emt 0:00:00]} 18. Ndb5 {[%emt 0:00:00]} a6 {[%emt 0:00:00]} 19. Bd6 {[%emt 0:00:00]} Kf8 {[%emt 0:00:00]} 20. Bxe7+ {[%emt 0:00:00]} Kxe7 {[%emt 0:00:00]} 21. Nd4 {[%emt 0:00:00]} Ne5 {[%emt 0:00:00]} 22. Rac1 {[%emt 0:00:00]} b5 {[%emt 0:00:00]} 23. e3 {[%emt 0:00:00]} Rc7 {[%emt 0:00:00]} 24. a4 {[%emt 0:00:00]} 1/2-1/2

[Event "4NCL Div 1 2018-19"]
[Site "Daventry"]
[Date "2019.01.13"]
[Round "4"]
[White "McKay, Roderick M"]
[Black "Manley, Jon P"]
[Result "1/2-1/2"]
[WhiteElo "2318"]
[BlackElo "2166"]
[Annotator "NA"]
[PlyCount "63"]
[EventDate "2019.01.12"]
[EventCountry "GBR"]
[SourceTitle "playchess.com"]
[Source "ChessBase"]
[SourceQuality "1"]
[TimeControl "40"]

1. e4 {[%emt 0:00:00]} e5 {[%emt 0:00:00]} 2. Bc4 {[%emt 0:00:00]} Nf6 {[%emt 0:00:00]} 3. d3 {[%emt 0:00:00]} Nc6 {[%emt 0:00:00]} 4. Nc3 {[%emt 0:00:00]} Na5 {[%emt 0:00:00]} 5. Nge2 {[%emt 0:00:00]} d6 {[%emt 0:00:00]} 6. O-O {[%emt 0:00:00]} c6 {[%emt 0:00:00]} 7. a3 {[%emt 0:00:00]} Nxc4 {[%emt 0:00:00]} 8. dxc4 {[%emt 0:00:00]} Be7 {[%emt 0:00:00]} 9. Qd3 {[%emt 0:00:00]} Bg4 {[%emt 0:00:00]} 10. f3 {[%emt 0:00:00]} Be6 {[%emt 0:00:00]} 11. Bg5 {[%emt 0:00:00]} O-O {[%emt 0:00:00]} 12. b3 {[%emt 0:00:00]} Nh5 {[%emt 0:00:00]} 13. Bxe7 {[%emt 0:00:00]} Qxe7 {[%emt 0:00:00]} 14. Rad1 {[%emt 0:00:00]} Rad8 {[%emt 0:00:00]} 15. Qe3 {[%emt 0:00:00]} a6 {[%emt 0:00:00]} 16. a4 {[%emt 0:00:00]} g6 {[%emt 0:00:00]} 17. Rd2 {[%emt 0:00:00]} f5 {[%emt 0:21:17]} 18. exf5 {[%emt 0:00:00]} gxf5 {[%emt 0:00:00]} 19. f4 {[%emt 0:00:00]} Qf6 {[%emt 0:00:00]} 20. fxe5 {[%emt 0:00:00]} dxe5 {[%emt 0:00:00]} 21. Ne4 {[%emt 0:00:00]} Qg7 {[%emt 0:00:00]} 22. N4g3 {[%emt 0:00:00]} Nxg3 {[%emt 0:00:00]} 23. hxg3 {[%emt 0:00:00]} Rxd2 {[%emt 0:00:00]} 24. Qxd2 {[%emt 0:00:00]} Kh8 {[%emt 0:00:00]} 25. Rd1 {[%emt 0:00:00]} Rg8 {[%emt 0:00:00]} 26. Qd6 {[%emt 0:00:00]} Bc8 {[%emt 0:00:00]} 27. Rd2 {[%emt 0:00:00]} f4 {[%emt 0:00:00]} 28. Nc3 {[%emt 0:00:00]} f3 {[%emt 0:00:00]} 29. Ne4 {[%emt 0:00:00]} Bf5 {[%emt 0:00:00]} 30. Nf6 {[%emt 0:00:00]} Qxg3 {[%emt 0:00:00]} 31. Nxg8 {[%emt 0:00:00]} Qe1+ {[%emt 0:00:00]} 32. Kh2 {[%emt 0:00:00]} 1/2-1/2

[Event "4NCL Div 1 2018-19"]
[Site "Daventry"]
[Date "2019.01.13"]
[Round "4"]
[White "Longson, Alexander"]
[Black "Jaracz, Pawel"]
[Result "1/2-1/2"]
[WhiteElo "2312"]
[BlackElo "2463"]
[Annotator "TA"]
[PlyCount "79"]
[EventDate "2019.01.12"]
[EventCountry "GBR"]
[SourceTitle "playchess.com"]
[Source "ChessBase"]
[SourceQuality "1"]

{[%evp 24,79,36,35,35,28,34,0,0,0,7,0,7,0,0,-6,1,12,4,0,16,-21,-22,-30,-25,-24,-33,-25,-33,-25,-21,-29,-25,-27,0,-18,-17,-28,0,-14,-10,-12,0,-18,0,-18,0,-101,-97,-206,0,-20,0,-18,-3,-3,0,-205]} 1. e4 e5 2. Nf3 Nc6 3. Bb5 a6 4. Ba4 Nf6 5. O-O Be7 6. Re1 b5 7. Bb3 d6 8. c3 O-O 9. h3 Nb8 10. d4 Nbd7 11. Nbd2 {[%cal Bb1d2,Bd2f1,Bf1g3][%mdl 32]} c5 12. Nf1 {C95: Closed Ruy Lopez: Breyer Variation with 10 d4} Re8 13. Ng3 {LiveBook: 44 Games} g6 (13... Bf8 14. Bc2 cxd4 15. cxd4 exd4 16. Bf4 Bb7 17. Nxd4 g6 18. Qd2 Nc5 19. Bg5 Bg7 {½-½ (37) Karjakin,S (2760)-Kovalev,V (2664) Batumi 2018}) 14. Bg5 {White is slightly better.} Bb7 15. Qd2 cxd4 16. cxd4 exd4 17. Qxd4 Nc5 18. Rad1 Nfxe4 $146 ({Predecessor:} 18... Nxb3 19. axb3 d5 20. exd5 Nxd5 21. Bxe7 Rxe7 {½-½ (38) Marez,S (2333)-Peto,P (2081) Chessfriend.com 2005}) 19. Nxe4 Nxe4 20. Bxe7 ({But not} 20. Rxe4 Bxe4 21. Bxe7 Rxe7 $17) ({Much weaker is} 20. Bh6 Bf6 $17) 20... Rxe7 21. Re3 Qc7 22. Bd5 Bxd5 23. Qxd5 Rae8 {And now ...Qc2 would win.} 24. Rde1 {[%cal Re3e4]} Nf6 {[%cal Be4f6,Bf6d5,Bd5f4][%mdl 32]} 25. Rxe7 {[#] White wants to mate with Qxf7+.} Nxd5 26. Rxe8+ Kg7 27. R8e2 Qc6 28. Rd2 Nf4 29. Re3 h6 30. Kh2 d5 31. Rc3 Qe6 32. Re3 Qc6 33. Rc3 Qe6 34. Re3 Qc6 35. Ne1 {[#]} (35. Rc3 $11 Qe6) 35... Qc1 $1 $17 {[%cal Rc1d2]} 36. Nf3 (36. Rc2 $17 Qb1 37. Rd2) 36... Qc6 $2 (36... Qf1 $19 {[%csl Gf4][%cal Rf1g2]} 37. Kg3 g5) 37. Rc3 $11 {The position is equal.} Qe6 38. Re3 Qf5 39. Nd4 Qb1 40. Nf3 $2 {Precision: White = 34%, Black = 63%.} (40. g3 $1 $11 {and White stays safe.} Nh5 41. b3) 1/2-1/2

[Event "4NCL Div 1 2018-19"]
[Site "Daventry"]
[Date "2019.01.13"]
[Round "4"]
[White "Eckersley-Waites, Tom"]
[Black "Sreeves, Clement"]
[Result "1/2-1/2"]
[WhiteElo "2302"]
[BlackElo "2360"]
[Annotator "TA"]
[PlyCount "85"]
[EventDate "2019.01.12"]
[EventCountry "GBR"]
[SourceTitle "playchess.com"]
[Source "ChessBase"]
[SourceQuality "1"]

{[%evp 27,85,0,16,7,10,0,94,93,104,81,81,94,79,42,40,0,0,0,0,0,0,0,0,-157,-148,-277,-276,-247,-258,-246,-248,-334,-339,-327,-317,-461,-461,-385,-327,-301,-137,-137,-154,-289,-287,-816,-307,-243,-223,-212,0,0,0,0,0,0,35,35,35,35]} 1. e4 e5 2. Nf3 Nc6 3. d4 exd4 4. Nxd4 Nf6 5. Nxc6 bxc6 6. e5 Qe7 7. Qe2 Nd5 8. c4 Ba6 9. Nd2 g6 10. Nf3 {C45: Scotch Game} Bg7 (10... Qb4+ 11. Kd1 Ne7 12. Qc2 c5 13. Bd3 Bg7 14. Re1 O-O 15. Qb3 Nc6 16. Bd2 Qb6 17. Qxb6 axb6 {0-1 (32) Jones,G (2668)-Kramnik,V (2803) Douglas 2017}) 11. Bg5 Qb4+ 12. Qd2 Qxd2+ 13. Bxd2 Nb6 14. b3 d6 {LiveBook: 3 Games} 15. O-O-O {[#]} d5 $146 ({Predecessor:} 15... dxe5 16. Nxe5 Bxe5 17. Re1 f6 {1-0 (56) Ni,H (2673)-Adhiban,B (2555) Ho Chi Minh City 2012}) 16. h4 O-O-O (16... O-O $11) 17. Ng5 $16 Rde8 18. Nxf7 Rhf8 19. e6 dxc4 20. Re1 Kb8 {White should prevent ...Bc8.} 21. h5 {Black must now prevent hxg6.} Bc8 22. hxg6 hxg6 23. Nd8 {Strongly threatening Rh7.} Rxf2 ({Much weaker is} 23... Rxd8 $6 24. e7 $16) 24. Nxc6+ Ka8 25. Rh7 $2 {[#]} (25. Be2 $11) 25... c3 $1 $17 {[%cal Rc3d2]} 26. Bg5 (26. Be3 $17 Rxa2 27. Kb1 Rb2+ 28. Kc1 Rxe6 29. Rxg7 Rxc6 30. Bb5) 26... Rxe6 $19 27. Rxe6 Rxf1+ 28. Kc2 Rf2+ ({Don't take} 28... Bxe6 29. Rxg7 Nd5 30. g4) 29. Kd1 {And now Re8 would win.} Bxe6 30. Rxg7 Nd5 (30... Rxg2 $2 31. Rxc7 Rxa2 32. Nd4 $17) 31. Rh7 (31. Bh6 {was necessary.}) 31... Bg4+ 32. Ke1 Re2+ 33. Kf1 c2 ({Don't do} 33... Rxa2 34. Ne7 $19) (33... Kb7 $19 {has better winning chances.} 34. Na5+ Ka6) 34. Nd4 $17 Re5 35. Bd2 (35. Bc1 $17) 35... Re4 36. Nb5 $2 (36. Nxc2 Re2 37. Ne3 Nxe3+ 38. Bxe3 Rxe3 39. Rxc7) 36... Re2 $2 (36... Be2+ 37. Kf2 Bxb5) 37. Bh6 {[#]} Re3 $1 {[%mdl 512]} 38. Rxc7 (38. Bxe3 Nxe3+) 38... Nxc7 $2 (38... Be2+ $19 39. Kf2 Bxb5 40. Rxc2 Re5) 39. Nxc7+ $11 Kb7 40. Bxe3 {aiming for Nb5.} Kxc7 41. Ke1 Kc6 42. Kd2 a6 43. Kxc2 {Precision: White = 45%, Black = 56%.} 1/2-1/2

[Event "4NCL Div 1 2018-19"]
[Site "Daventry"]
[Date "2019.01.13"]
[Round "4"]
[White "Fitzsimons, David"]
[Black "Roberson, Peter T"]
[Result "1/2-1/2"]
[WhiteElo "2301"]
[BlackElo "2420"]
[Annotator "TA"]
[PlyCount "42"]
[EventDate "2019.01.12"]
[EventCountry "GBR"]
[SourceTitle "playchess.com"]
[Source "ChessBase"]
[SourceQuality "1"]

{[%evp 14,42,34,34,40,12,21,2,19,11,24,-29,31,0,-6,-6,-11,-15,26,18,23,0,20,27,43,31,50,0,45,33,42]} 1. e4 c6 2. d4 d5 3. exd5 cxd5 4. Bd3 g6 5. Nf3 Nc6 6. c3 Bf5 {B13: Caro-Kann: Exchange Variation and Panov-Botvinnik Attack} 7. Bxf5 gxf5 8. Bg5 {LiveBook: 3 Games} Bg7 9. Qb3 $146 ({Predecessor:} 9. Qd3 Qd7 10. Nbd2 Nf6 11. Bxf6 Bxf6 12. O-O-O O-O-O 13. Nb3 e6 14. Nc5 {0-1 (169) Morozevich,A (2739)-Tomashevsky,E (2706) Tromsoe 2013}) 9... Qd7 10. Nbd2 e6 11. O-O Nge7 12. Rfe1 ({White should play} 12. Bxe7 Qxe7 13. Ne1) 12... O-O ({Better is} 12... f6 $11 13. Be3 e5) 13. Ne5 Nxe5 14. dxe5 Ng6 15. Nf3 h6 16. Be3 Rfc8 17. a4 {[%cal Ba2a4,Ba4a5][%mdl 32]} Kh7 18. Bd4 $1 Rc6 19. a5 Qc7 20. Qc2 Rg8 21. Qd2 a6 {Accuracy: White = 29%, Black = 29%.} 1/2-1/2

[Event "4NCL Div 1 2018-19"]
[Site "Daventry"]
[Date "2019.01.13"]
[Round "4"]
[White "Ciuksyte, Dagne"]
[Black "Quinn, John M"]
[Result "1/2-1/2"]
[WhiteElo "2297"]
[BlackElo "2123"]
[Annotator "NA"]
[PlyCount "79"]
[EventDate "2019.01.12"]
[EventCountry "GBR"]
[SourceTitle "playchess.com"]
[Source "ChessBase"]
[SourceQuality "1"]
[TimeControl "40"]

1. e4 {[%emt 0:00:00]} c5 {[%emt 0:00:00]} 2. Nf3 {[%emt 0:00:00]} e6 {[%emt 0:00:00]} 3. d4 {[%emt 0:00:00]} cxd4 {[%emt 0:00:00]} 4. Nxd4 {[%emt 0:00:00]} Nc6 {[%emt 0:00:00]} 5. Nb5 {[%emt 0:00:00]} d6 {[%emt 0:00:00]} 6. c4 {[%emt 0:00:00]} a6 {[%emt 0:00:00]} 7. N5c3 {[%emt 0:00:00]} Nf6 {[%emt 0:00:00]} 8. Be2 {[%emt 0:00:00]} Be7 {[%emt 0:00:00]} 9. O-O {[%emt 0:00:00]} O-O {[%emt 0:00:00]} 10. Be3 {[%emt 0:00:00]} b6 {[%emt 0:00:00]} 11. Na3 {[%emt 0:00:00]} Bb7 {[%emt 0:00:00]} 12. Rc1 {[%emt 0:00:00]} Re8 {[%emt 0:00:00]} 13. Qb3 {[%emt 0:00:00]} Nd7 {[%emt 0:00:00]} 14. Rfd1 {[%emt 0:00:00]} Nc5 {[%emt 0:00:00]} 15. Qc2 {[%emt 0:00:00]} Bf6 {[%emt 0:00:00]} 16. f3 {[%emt 0:00:00]} Qe7 {[%emt 0:00:00]} 17. Qd2 {[%emt 0:00:00]} Rad8 {[%emt 0:00:00]} 18. Nc2 {[%emt 0:00:00]} a5 {[%emt 0:00:00]} 19. Bf1 {[%emt 0:00:00]} Nb4 20. Bd4 {[%emt 0:00:00]} Bg5 {[%emt 0:00:00]} 21. Be3 {[%emt 0:00:00]} Bf6 {[%emt 0:00:00]} 22. Nd4 {[%emt 0:00:00]} d5 {[%emt 0:00:00]} 23. cxd5 {[%emt 0:00:00]} exd5 {[%emt 0:00:00]} 24. Bb5 {[%emt 0:00:00]} dxe4 {[%emt 0:00:00]} 25. Bxe8 {[%emt 0:00:00]} Qxe8 {[%emt 0:00:00]} 26. fxe4 {[%emt 0:00:00]} Nbd3 {[%emt 0:00:00]} 27. e5 {[%emt 0:00:00]} Qxe5 {[%emt 0:00:00]} 28. Nf3 {[%emt 0:00:00]} Bxf3 {[%emt 0:00:00]} 29. gxf3 {[%emt 0:00:00]} Re8 {[%emt 0:00:00]} 30. Ne4 {[%emt 0:00:00]} Nxc1 {[%emt 0:00:00]} 31. Bxc5 {[%emt 0:00:00]} bxc5 {[%emt 0:00:00]} 32. Qxc1 {[%emt 0:00:00]} Qxb2 {[%emt 0:00:00]} 33. Qxc5 {[%emt 0:00:00]} Be5 {[%emt 0:00:00]} 34. Rd2 {[%emt 0:00:00]} Qb4 {[%emt 0:00:00]} 35. Qd5 {[%emt 0:00:00]} Bf4 {[%emt 0:00:00]} 36. Re2 {[%emt 0:00:00]} Qb6+ {[%emt 0:00:00]} 37. Kg2 {[%emt 0:00:00]} Rd8 {[%emt 0:00:00]} 38. Qc4 {[%emt 0:00:00]} h5 {[%emt 0:00:00]} 39. Ng3 {[%emt 0:00:00]} Bxg3 {[%emt 0:00:00]} 40. a3 {[%emt 0:00:24]} 1/2-1/2

[Event "4NCL Div 1 2018-19"]
[Site "Daventry"]
[Date "2019.01.13"]
[Round "4"]
[White "Kolbus, Dietmar"]
[Black "Walton, Alan J"]
[Result "1/2-1/2"]
[WhiteElo "2294"]
[BlackElo "2149"]
[Annotator "NA"]
[PlyCount "67"]
[EventDate "2019.01.12"]
[EventCountry "GBR"]
[SourceTitle "playchess.com"]
[Source "ChessBase"]
[SourceQuality "1"]
[TimeControl "40"]

1. c4 {[%emt 0:00:00]} f5 {[%emt 0:00:00]} 2. Nf3 {[%emt 0:00:00]} Nf6 {[%emt 0:00:00]} 3. g3 {[%emt 0:00:00]} d6 {[%emt 0:00:00]} 4. d4 {[%emt 0:00:00]} e6 {[%emt 0:00:00]} 5. Bg2 {[%emt 0:00:00]} Be7 {[%emt 0:00:00]} 6. O-O {[%emt 0:00:00]} O-O {[%emt 0:00:00]} 7. Qc2 {[%emt 0:00:00]} Qe8 {[%emt 0:00:00]} 8. Nc3 {[%emt 0:00:00]} Qh5 {[%emt 0:00:00]} 9. e4 {[%emt 0:00:00]} e5 {[%emt 0:00:00]} 10. dxe5 {[%emt 0:00:00]} dxe5 {[%emt 0:00:00]} 11. Nd5 {[%emt 0:00:00]} Nxd5 12. cxd5 {[%emt 0:00:00]} Bd6 {[%emt 0:10:26]} 13. exf5 {[%emt 0:00:00]} Bxf5 {[%emt 0:00:00]} 14. Qb3 {[%emt 0:00:00]} Nd7 {[%emt 0:00:00]} 15. Be3 {[%emt 0:00:00]} h6 {[%emt 0:00:00]} 16. Nh4 {[%emt 0:00:00]} b6 {[%emt 0:00:00]} 17. Nxf5 {[%emt 0:00:00]} Qxf5 {[%emt 0:00:00]} 18. Qc4 {[%emt 0:00:00]} Nf6 {[%emt 0:00:00]} 19. f3 {[%emt 0:00:00]} Rae8 {[%emt 0:00:00]} 20. Rae1 {[%emt 0:00:00]} Qh5 {[%emt 0:00:00]} 21. g4 {[%emt 0:00:00]} Qf7 {[%emt 0:00:00]} 22. Rd1 {[%emt 0:00:00]} e4 {[%emt 0:00:00]} 23. Bc1 {[%emt 0:00:00]} Qg6 {[%emt 0:00:00]} 24. h3 {[%emt 0:00:00]} exf3 {[%emt 0:00:00]} 25. Bxf3 {[%emt 0:00:00]} Nd7 {[%emt 0:00:00]} 26. Bg2 {[%emt 0:00:00]} Ne5 {[%emt 0:00:00]} 27. Rxf8+ {[%emt 0:00:00]} Rxf8 {[%emt 0:00:00]} 28. Qe4 {[%emt 0:00:00]} Bc5+ {[%emt 0:00:00]} 29. Kh1 {[%emt 0:00:00]} Qxe4 {[%emt 0:00:00]} 30. Bxe4 {[%emt 0:00:00]} Rf2 {[%emt 0:00:00]} 31. Bg2 {[%emt 0:00:00]} Re2 {[%emt 0:00:00]} 32. Bf1 {[%emt 0:00:00]} Rf2 {[%emt 0:00:00]} 33. Bg2 {[%emt 0:00:00]} Re2 {[%emt 0:00:00]} 34. Bf1 {[%emt 0:00:00]} 1/2-1/2

[Event "4NCL Div 1 2018-19"]
[Site "Daventry"]
[Date "2019.01.13"]
[Round "4"]
[White "Morrison, Graham"]
[Black "Zakarian, David"]
[Result "1/2-1/2"]
[WhiteElo "2292"]
[BlackElo "2353"]
[Annotator "NA"]
[PlyCount "81"]
[EventDate "2019.01.12"]
[EventCountry "GBR"]
[SourceTitle "playchess.com"]
[Source "ChessBase"]
[SourceQuality "1"]
[TimeControl "40"]

1. d4 {[%emt 0:00:00]} Nf6 {[%emt 0:00:00]} 2. c4 {[%emt 0:00:00]} e6 {[%emt 0:00:00]} 3. Nf3 {[%emt 0:00:00]} b6 {[%emt 0:00:00]} 4. g3 {[%emt 0:00:00]} Bb7 {[%emt 0:00:00]} 5. Bg2 {[%emt 0:00:00]} Be7 {[%emt 0:00:00]} 6. Nc3 {[%emt 0:00:00]} O-O {[%emt 0:00:00]} 7. Qc2 {[%emt 0:00:00]} d6 {[%emt 0:00:00]} 8. O-O {[%emt 0:00:00]} Nbd7 {[%emt 0:00:00]} 9. Rd1 {[%emt 0:00:00]} c5 {[%emt 0:00:00]} 10. d5 {[%emt 0:00:00]} e5 {[%emt 0:00:00]} 11. e4 {[%emt 0:00:00]} Ne8 {[%emt 0:00:00]} 12. Ne1 {[%emt 0:00:00]} Bc8 {[%emt 0:00:00]} 13. f4 {[%emt 0:00:00]} Rb8 {[%emt 0:00:00]} 14. Nf3 {[%emt 0:00:00]} Bf6 {[%emt 0:00:00]} 15. f5 {[%emt 0:00:00]} a6 {[%emt 0:00:00]} 16. a4 {[%emt 0:00:00]} Kh8 {[%emt 0:00:00]} 17. g4 {[%emt 0:00:00]} g5 {[%emt 0:00:00]} 18. Be3 {[%emt 0:00:00]} Rg8 {[%emt 0:00:00]} 19. Qd2 {[%emt 0:00:00]} Nf8 {[%emt 0:00:00]} 20. Kf2 {[%emt 0:00:00]} h6 {[%emt 0:00:00]} 21. Rh1 {[%emt 0:00:00]} Nh7 {[%emt 0:00:00]} 22. Bf1 {[%emt 0:00:00]} Bd7 {[%emt 0:00:00]} 23. Bd3 {[%emt 0:00:00]} Nc7 {[%emt 0:00:00]} 24. Qc2 {[%emt 0:00:00]} Rb7 {[%emt 0:00:00]} 25. Rhb1 {[%emt 0:00:00]} b5 {[%emt 0:00:00]} 26. b3 {[%emt 0:00:00]} Qe7 {[%emt 0:00:00]} 27. Be2 {[%emt 0:00:00]} Rgb8 {[%emt 0:00:00]} 28. Nd2 {[%emt 0:00:00]} Kg7 {[%emt 0:00:00]} 29. axb5 {[%emt 0:00:00]} axb5 {[%emt 0:00:00]} 30. b4 {[%emt 0:00:00]} cxb4 {[%emt 0:00:00]} 31. Rxb4 {[%emt 0:00:00]} bxc4 {[%emt 0:00:00]} 32. Rxb7 {[%emt 0:00:00]} Rxb7 {[%emt 0:00:00]} 33. Bxc4 {[%emt 0:00:00]} Nb5 {[%emt 0:00:00]} 34. Nxb5 {[%emt 0:00:00]} Bxb5 {[%emt 0:00:00]} 35. Bxb5 {[%emt 0:00:00]} Rxb5 {[%emt 0:00:00]} 36. Ra7 {[%emt 0:00:00]} Rb7 {[%emt 0:00:00]} 37. Rxb7 {[%emt 0:00:00]} Qxb7 {[%emt 0:00:00]} 38. Qc6 {[%emt 0:00:00]} Qb4 {[%emt 0:00:00]} 39. Qc7 {[%emt 0:00:00]} Kf8 {[%emt 0:00:00]} 40. Qc8+ {[%emt 0:00:00]} Kg7 {[%emt 0:00:00]} 41. Qc7 {[%emt 0:00:00]} 1/2-1/2